Linchamientos: ¿barbarie o justicia popular? /
Para el autor los linchamientos se producen en los más diversos sitios socioculturales, al impulso de actores movidos por los más disímiles motivos de odio, exasperación o simple contagio colectivo. En el caso de Guatemala se piensa como fenómeno enlazado con las crueldades y horrores del pasado con...
שמור ב:
| מחבר ראשי: | |
|---|---|
| מחברים אחרים: | |
| פורמט: | Texto |
| שפה: | Spanish |
| יצא לאור: |
Guatemala:
UNESCO. FLACSO
2003
|
| נושאים: | |
| תגים: |
הוספת תג
אין תגיות, היה/י הראשונ/ה לתייג את הרשומה!
|
MARC
| LEADER | 00000 a a2200000 04500 | ||
|---|---|---|---|
| 001 | 33884 | ||
| 003 | cru CIDCACS/IIS | ||
| 005 | 20230707092342.0 | ||
| 008 | 230417e2003 gt ||||| |||| 00| 0 spa d | ||
| 020 | |a 99922-66-77-5 | ||
| 022 | |a 99922-66-77-5 | ||
| 040 | |c CRAI-IIS |d CRAI-IIS | ||
| 090 | |a 01.02.07 M539L | ||
| 100 | |a Mendoza, Carlos | ||
| 245 | |a Linchamientos: ¿barbarie o justicia popular? / |c Carlos Mendoza | ||
| 260 | |a Guatemala: |b UNESCO. FLACSO |c 2003 | ||
| 300 | |a 329 p. | ||
| 520 | |a Para el autor los linchamientos se producen en los más diversos sitios socioculturales, al impulso de actores movidos por los más disímiles motivos de odio, exasperación o simple contagio colectivo. En el caso de Guatemala se piensa como fenómeno enlazado con las crueldades y horrores del pasado conflicto armado. Revela también las tensiones y ambigüedades de una paz que no ha llegado a todo el país y que, en visión retrospectiva, hace presente tiempos idos, atrae fantasmas de la violencia que no pueden olvidarse | ||
| 650 | |a VIOLENCIA | ||
| 650 | |a COMPORTAMIENTO SOCIAL | ||
| 650 | |a ESTADO | ||
| 650 | |a SEGURIDAD CIUDADANA | ||
| 650 | |a PAZ | ||
| 650 | |a GUATEMALA | ||
| 650 | |a MEXICO | ||
| 650 | |a VIOLENCIA | ||
| 700 | |a | ||
| 700 | |a Torres - Rivas, Edelberto | ||
| 700 | |a | ||
| 942 | |2 ddc |c LI | ||
| 999 | |c 12351 |d 12351 | ||



